| 000 | 00385nam a2200133Ia 4500 | ||
|---|---|---|---|
| 008 | 191023s9999 xx 000 0 und d | ||
| 020 | _a9781133603627 | ||
| 100 | _aWallach, Paul Ross. | ||
| 245 |
_cPaul Ross Wallach.-- _aFundamentals of modern drafting / |
||
| 250 | _a2nd ed | ||
| 260 |
_aUSA : _bCengage Learning _c2014 |
||
| 300 | _axiii, 523 pages. | ||
| 650 | _aMechanical drawing | ||
| 999 |
_c362306 _d362306 |
||